LEADER 03858nam 2200661 a 450 001 9910462357803321 005 20200520144314.0 010 $a1-78170-268-3 010 $a1-84779-426-2 035 $a(CKB)2670000000258721 035 $a(EBL)1069738 035 $a(OCoLC)818847560 035 $a(SSID)ssj0000727311 035 $a(PQKBManifestationID)12294978 035 $a(PQKBTitleCode)TC0000727311 035 $a(PQKBWorkID)10686552 035 $a(PQKB)11460353 035 $a(StDuBDS)EDZ0000099249 035 $a(MiAaPQ)EBC1069738 035 $a(OCoLC)1132670182 035 $a(MdBmJHUP)muse77853 035 $a(Au-PeEL)EBL1069738 035 $a(CaPaEBR)ebr10627267 035 $a(CaONFJC)MIL843670 035 $a(EXLCZ)992670000000258721 100 $a20120830d2012 uy 0 101 0 $aeng 135 $aurcn||||||||| 181 $ctxt 182 $cc 183 $acr 200 10$aFrom victory to Vichy$b[electronic resource] $eveterans in inter-war France /$fChris Millington 210 $aManchester $cManchester University Press ;$aNew York : Distributed in the United States exclusively by Palgrave Macmillan$d2012 215 $a1 online resource (256 p.) 225 0$aCultural history of modern war 300 $aDescription based upon print version of record. 311 $a1-5261-0659-0 311 $a0-7190-8550-0 320 $aIncludes bibliographical references and index. 327 $aCopyright; Contents; Acknowledgements; List of abbreviations; Introduction The anciens combattants and their associations; 1. The Union fe?de?rale and the Union nationale des combattants: 1918-33; 2. 6 February 1934: The veterans' riot; 3. Building a combatants' republic: The campaign for state reform, 1934; 4. 'We are not fascists': The veterans and the extreme right; 5. Rejuvenating France: The Jeunes de l'UF and the Jeunes de l'UNC; 6. The veterans and the Popular Front; Conclusion Toward Vichy; Select bibliography; Index 330 $a"The most up-to-date and comprehensive English-language study of its kind, From victory to Vichy explores the political mobilisation of the two largest French veterans' associations during the interwar years, the Union fe?de?rale (UF) and the Union nationale des combattants (UNC). Drawing on extensive research into the associations' organisation, policies and tactics, this study argues that French veterans were more of a threat to democracy than previous scholarship has allowed. As France descended into crisis, the UF and the UNC sought to extend their influence into the non-veteran milieu through public demonstrations, propaganda campaigns and the foundation of auxiliary groups. Despite shifting policies and independent initiatives, by the end of the 1930s the UF and the UNC had come together in a campaign for authoritarian political reform, leaving them perfectly placed to become the 'eyes and ears' of Marshal Pe?tain's Vichy regime. Offering an original contribution to the history of late Third Republican political culture, From victory to Vichy will appeal to students and scholars of modern France and Europe."--Provided by publisher. 410 0$aCultural history of modern war. 606 $aWorld War, 1914-1918$xVeterans$zFrance$xSocieties, etc$xHistory 606 $aVeterans$zFrance$xSocieties, etc$xHistory 607 $aFrance$xHistory$y1914-1940 607 $aFrance$xPolitics and government$y1914-1940 608 $aElectronic books. 615 0$aWorld War, 1914-1918$xVeterans$xSocieties, etc.$xHistory. 615 0$aVeterans$xSocieties, etc.$xHistory. 676 $a369.244 700 $aMillington$b Chris$01036096 801 0$bMiAaPQ 801 1$bMiAaPQ 801 2$bMiAaPQ 906 $aBOOK 912 $a9910462357803321 996 $aFrom victory to Vichy$92456232 997 $aUNINA LEADER 05434nam 2200673 450 001 9910146130203321 005 20220601181213.0 010 $a1-282-17154-2 010 $a9786612171543 010 $a1-4443-0451-8 010 $a1-4443-0452-6 035 $a(CKB)1000000000719733 035 $a(EBL)427996 035 $a(OCoLC)437111568 035 $a(SSID)ssj0000671262 035 $a(PQKBManifestationID)11432482 035 $a(PQKBTitleCode)TC0000671262 035 $a(PQKBWorkID)10613847 035 $a(PQKB)11383644 035 $a(MiAaPQ)EBC427996 035 $a(EXLCZ)991000000000719733 100 $a20160804h19901990 uy 0 101 0 $aeng 135 $aur|n|---||||| 181 $ctxt 182 $cc 183 $acr 200 00$aCarbonate diagenesis /$fedited by Maurice E. Tucker and Robin G.C. Bathurst 210 1$aOxford, [England] :$cBlackwell Scientific Publications,$d1990. 210 4$dİ1990 215 $a1 online resource (322 p.) 225 1 $aReprint series Volume 1 of the International Association of Sedimentologists ;$vVolume 1 300 $aDescription based upon print version of record. 311 $a0-632-02938-2 320 $aIncludes bibliographical references and index. 327 $aCarbonate Diagenesis; Contents; Preface; Introduction to Carbonate Diagenesis; Marine Diagenesis: Modern and Ancient; Submarine lithification of Holocene carbonate sediments in the Persian Gulf; A review of the origin and setting of tepees and their associated fabrics [abstract only, plus Figs. 9 and 10]; Microbial alteration of Bahamian deep-sea carbonates [abstract only, plus Figs. 11, 12 and 13]; Holocene intertidal calcium carbonate cementation. Qatar, Persian Gulf [abstract only, plus Plates I A-F, V C and D] 327 $aThe seaward margin of Belize Barrier and atoll reefs [pages 14, 62-64, 111-123, 178-183, and Figs. 1-2, 1-4 and 3-2, plus references]Growth and submarine fossilization of algal cup reefs, Bermuda [abstract only, plus Figs. 21A and 21B]; Methane-derived high-Mg calcite submarine cement in Holocene nodules from the Fraser Delta, British Columbia, Canada [abstract only, plus Figs. 3A and 3C, 4A-D]; Syn-sedimentary marine lithification of Middle Jurassic limestones in the Paris Basin; Isotopic and trace element evidence for submarine lithification of hardgrounds in the Jurassic of eastern England 327 $aSedimentary folds and the development of limestone in an early Ordovician Sea [abstract only, plus Figs. 9, 15]Botryoidal aragonite and its diagenesis; Magnesian calcite cements and their diagenesis: dissolution and dolomitization, Mururoa Atoll [abstract only, plus Figs. 2, 4, 8 and 9]; Early void-filling cementation in Devonian fore-reef limestones (Germany); Radiaxial fibrous calcite: a replacement after acicular carbonate [abstract only, plus Figs. 4, 7A]; Meteoric Diagenesis; Phreatic versus vadose meteoric diagenesis of limestones: evidence from a fossil water table 327 $aIsotope signatures associated with early meteoric diagenesisContrasting diagenesis of two Carboniferous oolites from South Wales: a tale of climatic influence [abstract only, plus Figs. 3, 4, 9, 19]; Syntaxial overgrowths in muddy crinoidal limestones: cathodoluminescence sheds new light on an old problem [abstract only, plus Figs. 2, 7]; The development of overgrowths from echinoderm fragments [abstract only, plus Fig. 3]; Diagenesis in the Burial Environment; Carbonate cements: their regional distribution and interpretation in Mississippian limestones of southwestern New Mexico 327 $aChanges in carbon and oxygen isotope composition during limestone diagenesisThe strontium isotopic composition and origin of burial cements in the Lincolnshire Limestone (Bajocian) of central Lincolnshire, England [abstract only, plus Figs. 3 and 4]; Aragonite relic preservation in Jurassic calcitereplaced bivalves; Evolution of pore space in the Poza Rica trend (Mid-Cretaceous), Mexico [abstract only, plus Fig. 29]; Ferroan calcite replacement indicates former magnesian calcite skeletons [abstract only] 327 $aNew interpretations of Great Salt Lake ooids and of ancient non-skeletal carbonate mineralogy [abstract only, plus Figs. 16 and 17] 330 $aOver the years, many papers on carbonate diagenesis have been published in Sedimentology, the journal of the International Association of Sedimentologists. This volume presents a collection of these papers with a commentary. The emphasis of the book is on the diagenesis of shallow-marine carbonate sediments and the editors have chosen 12 papers which are reproduced in full. To widen the scope of this volume the abstracts for another 16 papers are presented. These provide further examples of diagenetic studies and help to extend the coverage of the book. The reprints and abstracts are di 410 0$aReprint series ... of the International Association of Sedimentologists ;$vVolume 1. 606 $aCarbonate rocks 606 $aDiagenesis 608 $aElectronic books. 615 0$aCarbonate rocks. 615 0$aDiagenesis. 676 $a552.58 676 $a552/.58 702 $aTucker$b Maurice E. 702 $aBathurst$b Robin G. C. 801 0$bMiAaPQ 801 1$bMiAaPQ 801 2$bMiAaPQ 906 $aBOOK 912 $a9910146130203321 996 $aCarbonate diagenesis$92848766 997 $aUNINA